NJ Municipalities - Union County - Statistics

General Stats
  • This quiz has been taken 536 times
  • The average score is 14 of 21
Answers on the Map
Answers color-coded by a green-red scale on the quiz's map according to % correct below.
 
Answer Stats
Answer % Correct
Elizabeth
92%
Union Township
86%
Rahway
77%
Linden
76%
Plainfield
76%
Scotch Plains
74%
Westfield
73%
Roselle
72%
Cranford
70%
Fanwood
69%
Clark
68%
Roselle Park
68%
Summit
66%
Garwood
62%
Berkeley Heights
61%
New Providence
61%
Hillside Township
60%
Kenilworth
60%
Mountainside
60%
Springfield Township
56%
Winfield Township
53%
No matching quizzes found
Score Distribution
Percent of People with Each Score
Percentile by Number Answered
Your Score History
You have not taken this quiz